00267pam a2200097 a 4500020000500000041000500005100003200010245008700042260003100129300000900160 c h aDr. Punam Sharma,eauthor., aUGC NET/SET ( JRF & LS ) Environmental Science Paper- II & IIIhTextual Documents a[s.l]:bNatraj Publishers. a576.